[Event "Sydney International Open"]
[Site "*"]
[Date "2007.04.11"]
[Round "3.35"]
[White "Canfell, Mike J"]
[Black "Ikeda, Junta"]
[Result "0-1"]
[WhiteElo "1976"]
[BlackElo "2154"]
[PlyCount "100"]

1. e4 c5 2. Nf3 e6 3. d4 cxd4 4. Nxd4 a6 5. Bd3 Nc6 6. Be3 Nf6 7. c4 Qc7 8. O-O
h5 9. f3 Bc5 10. Nc2 Ne5 11. Be2 Bd6 12. Nc3 Ng6 13. h3 h4 14. Qd2 Bh2+ 15. Kh1
Nh5 16. f4 Ngxf4 17. Bxh5 Nxh5 18. Ne2 Be5 19. Ncd4 Nf6 20. Qd3 d6 21. Rac1 b6
22. b3 Bb7 23. Nc3 Nh5 24. Nde2 Qc6 25. Rf3 g6 26. Bg5 f6 27. Bxh4 g5 28. Bf2
g4 29. Re3 Nf4 30. Nxf4 Bxf4 31. Nd5 Bxe3 32. Qxe3 gxh3 33. gxh3 Kf7 34. Nc3
Rag8 35. Kh2 Qc5 36. Qf3 Qh5 37. Qxh5+ Rxh5 38. Rd1 Ke7 39. Bxb6 f5 40. Bc7
Bxe4 41. Bxd6+ Kf6 42. Nxe4+ fxe4 43. Rf1+ Rf5 44. Re1 Rf2+ 45. Kh1 Kf5 46. a4
Rf3 47. Kh2 e3 48. Bc5 Ke4 49. Rd1 e2 50. Rd4+ Ke5 0-1

[Event "Sydney International Open"]
[Site "*"]
[Date "2007.04.11"]
[Round "3.36"]
[White "Schon, Eugene"]
[Black "Suttor, Vincent"]
[Result "0-1"]
[WhiteElo "1914"]
[BlackElo "2153"]
[PlyCount "40"]

1. d4 Nf6 2. Bg5 e6 3. e4 c5 4. Bxf6 Qxf6 5. e5 Qg6 6. c3 Nc6 7. Ne2 d6 8. exd6
Bxd6 9. Na3 cxd4 10. Nb5 e5 11. cxd4 exd4 12. Nexd4 Bb4+ 13. Nc3 O-O 14. Nde2
Bg4 15. f3 Rad8 16. Qc1 Bf5 17. a3 Ba5 18. g3 Ne5 19. Nf4 Nxf3+ 20. Kf2 Qc6 0-1

[Event "Sydney International Open"]
[Site "*"]
[Date "2007.04.11"]
[Round "3.37"]
[White "Cunanan, Homer"]
[Black "Hvistendahl, Robert"]
[Result "1-0"]
[WhiteElo "2150"]
[BlackElo "1855"]
[PlyCount "93"]

1. e4 c5 2. Nf3 d6 3. d4 cxd4 4. Nxd4 Nf6 5. Nc3 a6 6. Be3 e5 7. Nb3 Be6 8. Be2
Be7 9. O-O O-O 10. Bf3 b5 11. Re1 Nbd7 12. Nd5 Nxd5 13. exd5 Bf5 14. a4 b4 15.
a5 Qc7 16. Rc1 Rac8 17. Qd2 Qb8 18. Be2 Qb7 19. f4 Be4 20. Red1 f5 21. Bd3 Nf6
22. Qe2 Bxd3 23. Qxd3 Ne4 24. Nd2 Nc5 25. Bxc5 Rxc5 26. Nb3 Rcc8 27. fxe5 dxe5
28. d6 Bg5 29. Ra1 e4 30. Qg3 Bf6 31. d7 Rxc2 32. Nd4 Qa7 33. Qb3+ Kh8 34. Qxc2
Bxd4+ 35. Kh1 Rd8 36. Qd2 Qxd7 37. Rac1 h6 38. Rc4 e3 39. Qd3 Qa7 40. Qxf5 e2
41. Re1 Bf2 42. Rc8 Rxc8 43. Qxc8+ Kh7 44. Rxe2 Qc5 45. Qxc5 Bxc5 46. Re6 Bd4
47. b3 1-0

[Event "Sydney International Open"]
[Site "*"]
[Date "2007.04.11"]
[Round "3.38"]
[White "Redgrave, John"]
[Black "Wei, Michael"]
[Result "0-1"]
[WhiteElo "1857"]
[BlackElo "2148"]
[PlyCount "56"]

1. e4 c5 2. c3 Nf6 3. e5 Nd5 4. d4 cxd4 5. Nf3 e6 6. cxd4 d6 7. Nc3 Nxc3 8.
bxc3 Qc7 9. c4 Nd7 10. exd6 Bxd6 11. Bd3 b6 12. Qe2 Bb7 13. O-O O-O 14. h4 Rfe8
15. Ng5 Nf6 16. f4 h6 17. Nh3 Qe7 18. g4 Qd7 19. g5 e5 20. f5 exd4 21. Qd1 Qc6
22. Qf3 Qxf3 23. Rxf3 Bxf3 24. gxf6 Be4 25. Bxe4 Rxe4 26. fxg7 Re1+ 27. Kf2
Rae8 28. Bb2 R1e2+ 0-1

[Event "Sydney International Open"]
[Site "*"]
[Date "2007.04.11"]
[Round "3.39"]
[White "Bernardino, Almario Marlon"]
[Black "Szuveges, Narelle S"]
[Result "1/2-1/2"]
[WhiteElo "2146"]
[BlackElo "1841"]
[PlyCount "74"]

1. d4 Nf6 2. Nc3 d5 3. Bg5 Bf5 4. f3 Bg6 5. Nh3 e6 6. Nf4 Be7 7. h4 h6 8. Nxg6
fxg6 9. Be3 Nbd7 10. Qd3 Nf8 11. Qb5+ N8d7 12. Qxb7 Rb8 13. Qa6 Rb6 14. Qd3 Kf7
15. Na4 Rb8 16. g4 e5 17. h5 e4 18. hxg6+ Kxg6 19. Qd2 Nb6 20. Nxb6 Rxb6 21. b3
Qd7 22. g5 Ng8 23. fxe4 dxe4 24. O-O-O Bb4 25. c3 Rc6 26. Kb2 Bxc3+ 27. Qxc3
Rxc3 28. Kxc3 Ne7 29. Kb2 Nd5 30. Bd2 e3 31. Be1 Rf8 32. gxh6 gxh6 33. Bg2 Qb5
34. Be4+ Kf7 35. Bd3 Qb6 36. Bc4 Rd8 37. Rh5 c6 1/2-1/2

[Event "Sydney International Open"]
[Site "*"]
[Date "2007.04.11"]
[Round "3.40"]
[White "Escalante, Lorenzo"]
[Black "Lazarus, Benjamin"]
[Result "0-1"]
[WhiteElo "1855"]
[BlackElo "2140"]
[PlyCount "116"]

1. e4 c5 2. c3 Nf6 3. d3 Nc6 4. Nf3 d6 5. Bg5 e6 6. Be2 Be7 7. Nbd2 O-O 8. O-O
h6 9. Bh4 e5 10. a3 Be6 11. b4 a6 12. Nb3 b6 13. bxc5 bxc5 14. c4 Rb8 15. Rb1
Nh7 16. Bxe7 Qxe7 17. Qc2 f5 18. exf5 Bxf5 19. h3 Ng5 20. Nxg5 Qxg5 21. Qd2 Nd4
22. Bd1 Qxd2 23. Nxd2 Rxb1 24. Nxb1 Bxd3 25. Nd2 Bxf1 26. Kxf1 Kf7 27. Nf3 Nxf3
28. Bxf3 Rb8 29. Bd5+ Kf6 30. f3 Rb3 31. a4 Rb4 32. a5 Rb2 33. Kg1 Ra2 34. Kh2
Rxa5 35. g3 Ra2+ 36. Kg1 a5 37. f4 exf4 38. gxf4 Kf5 39. h4 Kxf4 40. h5 a4 41.
Kf1 Ke3 42. Be6 a3 43. Bg4 Rf2+ 44. Ke1 a2 45. Bd1 Rf1+ 46. Kxf1 a1=Q 47. Kg2
Qxd1 48. Kg3 Qxh5 49. Kg2 Qg4+ 50. Kf1 Qxc4+ 51. Kg2 Qg4+ 52. Kf1 Qe2+ 53. Kg1
c4 54. Kh1 c3 55. Kg1 c2 56. Kh1 d5 57. Kg1 d4 58. Kh1 c1=R# 0-1

[Event "Sydney International Open"]
[Site "*"]
[Date "2007.04.11"]
[Round "3.41"]
[White "Broekhuyse, Paul"]
[Black "Descallar, Levi"]
[Result "1-0"]
[WhiteElo "2137"]
[BlackElo "1787"]
[PlyCount "57"]

1. d4 d5 2. c4 e6 3. Nc3 Nf6 4. Nf3 c6 5. e3 Nbd7 6. Bd3 Be7 7. O-O O-O 8. Qe2
b6 9. e4 dxe4 10. Nxe4 Bb7 11. Bf4 c5 12. dxc5 Nxc5 13. Nxc5 Bxc5 14. Rad1 Qe7
15. Bg5 h6 16. Bh4 g5 17. Bg3 Nh5 18. Ne5 Nxg3 19. hxg3 Rad8 20. Qh5 Kg7 21.
Rfe1 Rh8 22. a3 a5 23. Re2 Qe8 24. Red2 f5 25. Qe2 Qe7 26. Bxf5 Bc8 27. Qh5
Rxd2 28. Qg6+ Kf8 29. Rxd2 1-0

[Event "Sydney International Open"]
[Site "*"]
[Date "2007.04.11"]
[Round "3.42"]
[White "Harris, Benjamin"]
[Black "Bennett, Hilton"]
[Result "1/2-1/2"]
[WhiteElo "1819"]
[BlackElo "2134"]
[PlyCount "58"]

1. d4 Nf6 2. c4 e5 3. dxe5 Ng4 4. Bf4 g5 5. Bg3 Bg7 6. Nf3 Nc6 7. Nbd2 Ngxe5 8.
Nxe5 Nxe5 9. e3 d6 10. Qc2 f5 11. O-O-O O-O 12. Bxe5 Bxe5 13. Bd3 Qe7 14. Nf3
Bh8 15. Rhe1 Bd7 16. Nd4 Qg7 17. c5 d5 18. Rd2 Qf7 19. g3 c6 20. f4 g4 21. Rde2
Rae8 22. Qd2 b6 23. Qc2 Qf6 24. h3 h5 25. hxg4 hxg4 26. Rh1 Bg7 27. Rh5 Rxe3
28. Rxe3 Qxd4 29. Re1 bxc5 1/2-1/2

[Event "Sydney International Open"]
[Site "*"]
[Date "2007.04.11"]
[Round "3.43"]
[White "Zvedeniouk, Ilia"]
[Black "Guo, Emma"]
[Result "1-0"]
[WhiteElo "2121"]
[BlackElo "1543"]
[PlyCount "37"]

1. e4 c5 2. c3 d5 3. exd5 Qxd5 4. d4 cxd4 5. cxd4 Nc6 6. Nf3 Bg4 7. Be2 O-O-O
8. Nc3 Qh5 9. O-O Nf6 10. h3 Be6 11. Ne5 Qh4 12. Nxc6 bxc6 13. Be3 Nd5 14. Qa4
Kb7 15. Qa6+ Kb8 16. Qxc6 Nb6 17. Bf3 Rd7 18. g3 Qxh3 19. Bf4+ 1-0

[Event "Sydney International Open"]
[Site "*"]
[Date "2007.04.11"]
[Round "3.44"]
[White "Smith, Vivian"]
[Black "Chan, Jason"]
[Result "1/2-1/2"]
[WhiteElo "1742"]
[BlackElo "2099"]
[PlyCount "136"]

1. e4 c5 2. Nc3 e6 3. f4 d6 4. Nf3 Nf6 5. g3 Be7 6. Bg2 O-O 7. O-O a6 8. d3 Nc6
9. h3 d5 10. e5 Nd7 11. Bd2 Rb8 12. Ne2 b5 13. c3 b4 14. d4 bxc3 15. bxc3 Nb6
16. Rb1 Bd7 17. Be3 Nc4 18. Bf2 Qc7 19. Rxb8 Rxb8 20. Nd2 Nxd2 21. Qxd2 Na5 22.
Qc2 cxd4 23. Nxd4 Qc4 24. Rb1 Rxb1+ 25. Qxb1 Qc7 26. Qc2 Nc4 27. Bf1 h6 28. Qc1
Ba3 29. Qc2 Bf8 30. Qc1 Qa5 31. Bxc4 dxc4 32. Qb2 Bb5 33. Qc2 Bd7 34. Qb2 Qc7
35. Qe2 a5 36. Qb2 a4 37. Nc2 Bc6 38. Qb6 Qd7 39. Qd4 Qxd4 40. Bxd4 Be4 41. Ne3
Bd3 42. Kf2 Ba3 43. Ke1 Kf8 44. Kd2 Ke8 45. Bb6 Kd7 46. Ba5 Bc5 47. Bb4 Kc6 48.
Bxc5 Kxc5 49. a3 Kc6 50. Ke1 Kd7 51. Kf2 Ke7 52. Nd1 Bc2 53. Ne3 Bb3 54. Kf3
Kd7 55. Ke4 Kc6 56. Kd4 Kb5 57. g4 Ba2 58. f5 Bb3 59. fxe6 fxe6 60. h4 g5 61.
hxg5 hxg5 62. Ke4 Kc5 63. Kf3 Kc6 64. Ke4 Kb5 65. Kd4 Ba2 66. Ke4 Kc5 67. Kf3
Bb1 68. Kg3 Be4 1/2-1/2

[Event "Sydney International Open"]
[Site "*"]
[Date "2007.04.11"]
[Round "3.45"]
[White "Dizdarevic, Mehmedalija"]
[Black "Wan, Dennis"]
[Result "1-0"]
[WhiteElo "2096"]
[BlackElo "1525"]
[PlyCount "45"]

1. e4 e6 2. d4 d5 3. Nc3 Bb4 4. e5 c5 5. a3 cxd4 6. axb4 dxc3 7. Qg4 g6 8. h4
Qc7 9. Qd4 cxb2 10. Bxb2 Nc6 11. Bb5 Bd7 12. Qf4 f5 13. Nf3 Qb6 14. Bxc6 Qxc6
15. Nd4 Qc4 16. c3 Ne7 17. Qg5 Rf8 18. h5 gxh5 19. Qxh5+ Kd8 20. Qh6 Nc6 21.
Qxf8+ Kc7 22. Qd6+ Kc8 23. Rxh7 1-0

[Event "Sydney International Open"]
[Site "*"]
[Date "2007.04.11"]
[Round "3.46"]
[White "Zirdum, Ivan"]
[Black "Evans, Carrie"]
[Result "1-0"]
[WhiteElo "2061"]
[BlackElo "1461"]
[PlyCount "30"]

1. e4 d6 2. Nf3 Nf6 3. Nc3 g6 4. Bc4 Bg7 5. d4 O-O 6. h3 e5 7. dxe5 dxe5 8.
Qxd8 Rxd8 9. Nxe5 Nxe4 10. Nxf7 Bxc3+ 11. bxc3 Rd1+ 12. Kxd1 Nxf2+ 13. Ke2 Nxh1
14. Bf4 b5 15. Bb3 c5 1-0

[Event "Sydney International Open"]
[Site "*"]
[Date "2007.04.11"]
[Round "3.47"]
[White "Wu, Shirley"]
[Black "Milligan, Helen"]
[Result "0-1"]
[WhiteElo "1502"]
[BlackElo "2041"]
[PlyCount "106"]

1. e4 e5 2. Nf3 Nc6 3. Bb5 a6 4. Bxc6 dxc6 5. O-O Qd6 6. d4 exd4 7. Qxd4 Qxd4
8. Nxd4 c5 9. Nb3 Be6 10. Be3 b6 11. Rd1 Bd6 12. Nc3 Ne7 13. a4 Nc6 14. Nd5
Bxd5 15. Rxd5 O-O 16. a5 c4 17. Nc1 Nb4 18. Rd2 b5 19. c3 Nc6 20. Ne2 Rfe8 21.
Nd4 Nxd4 22. Rxd4 Bc5 23. Rd7 Bxe3 24. fxe3 Rxe4 25. Rxc7 Rxe3 26. Kf1 g6 27.
Rd1 Re6 28. Rdd7 Rf6+ 29. Ke2 Re8+ 30. Kd1 Rf1+ 31. Kd2 Rf2+ 32. Kd1 Rfe2 33.
Rc8 Kg7 34. Rxe8 Rxe8 35. Rd6 Re6 36. Rb6 Kf6 37. Kc2 h5 38. b3 Ke5 39. bxc4
bxc4 40. Rb7 f5 41. Rc7 Kd5 42. Kd2 f4 43. Rf7 g5 44. Rf5+ Re5 45. Rf6 Ke4 46.
Rxa6 g4 47. Rc6 Rd5+ 48. Kc2 Rxa5 49. Rxc4+ Ke3 50. g3 f3 51. Rc7 f2 52. Re7+
Kf3 53. Rf7+ Kg2 0-1

[Event "Sydney International Open"]
[Site "*"]
[Date "2007.04.11"]
[Round "3.48"]
[White "Voon, Richard"]
[Black "Kumar, Dhirendra"]
[Result "1-0"]
[WhiteElo "2023"]
[BlackElo "1314"]
[PlyCount "103"]

1. e4 c5 2. Nf3 d6 3. d4 cxd4 4. Nxd4 Nf6 5. Nc3 a6 6. f3 e6 7. Be3 Bd7 8. Qd2
Nc6 9. O-O-O Be7 10. g4 h6 11. h4 Nxd4 12. Qxd4 e5 13. Qd2 Bc6 14. Bc4 Rf8 15.
g5 hxg5 16. hxg5 Nd7 17. Bb3 Qc7 18. Rh7 g6 19. a3 f6 20. gxf6 Nxf6 21. Rg7
O-O-O 22. Rxg6 Nd7 23. Qg2 Nc5 24. Bd5 Bxd5 25. Nxd5 Qa5 26. Nxe7+ Kb8 27. Kb1
Na4 28. Bc1 Qb6 29. Rd3 Rd7 30. Nd5 Qb5 31. Rg8 Rdf7 32. Rxf8+ Rxf8 33. Qg7 Rc8
34. Qg2 Rc4 35. Rb3 Qc6 36. Be3 Nc5 37. Bxc5 Rxc5 38. Rb6 Qa4 39. Rxd6 Qd4 40.
Qe2 Qg1+ 41. Ka2 Qc1 42. Nc3 Qg1 43. Qd2 Qg8+ 44. Kb1 Qg1+ 45. Qd1 Qf2 46. Rf6
Rc8 47. Re6 Rg8 48. Qd6+ Ka8 49. Qd3 Rg1+ 50. Ka2 Qe1 51. Qd8+ Ka7 52. Qb6+ 1-0

[Event "Sydney International Open"]
[Site "*"]
[Date "2007.04.11"]
[Round "3.50"]
[White "Ninchich, Milan"]
[Black "Forster, William"]
[Result "1-0"]
[WhiteElo "1647"]
[BlackElo "1983"]
[PlyCount "95"]

1. e4 c5 2. Nf3 Nc6 3. d4 cxd4 4. Nxd4 g6 5. Nc3 Bg7 6. Be3 Nf6 7. Qd2 O-O 8.
f3 d5 9. O-O-O dxe4 10. fxe4 Ng4 11. Nd5 Nxd4 12. Bxd4 Bh6 13. Be3 Bxe3 14.
Nxe3 Qxd2+ 15. Kxd2 Nf2 16. Bd3 Nxh1 17. Rxh1 Be6 18. Nd5 Bxd5 19. exd5 Rfd8
20. c4 Rd6 21. Re1 Kf8 22. Kc3 e6 23. Kd4 exd5 24. cxd5 Re8 25. Rc1 Rb6 26. b3
Rb4+ 27. Bc4 Rc8 28. Rc2 Rb6 29. Rf2 Kg7 30. Ke5 Re8+ 31. Kd4 f5 32. Kc5 Rc8+
33. Kd4 Rf6 34. Re2 Rc7 35. Re8 Kf7 36. Rh8 Kg7 37. Re8 Kh6 38. Ke5 Rcf7 39. d6
Rxd6 40. Kxd6 Rg7 41. Rg8 Rxg8 42. Bxg8 Kg7 43. Bd5 b6 44. Kc6 Kf6 45. Kb7 Ke5
46. Bg8 h6 47. Kxa7 b5 48. Kb6 1-0

[Event "Sydney International Open"]
[Site "*"]
[Date "2007.04.11"]
[Round "3.51"]
[White "Cohn, Jason"]
[Black "Selnes, Hamish"]
[Result "1/2-1/2"]
[WhiteElo "1612"]
[BlackElo "1976"]
[PlyCount "63"]

1. e4 c5 2. Nf3 Nc6 3. d3 g6 4. g3 Bg7 5. Bg2 e5 6. O-O Nge7 7. Be3 d6 8. c3
O-O 9. Na3 h6 10. Qd2 Kh7 11. h3 f5 12. Nh2 Be6 13. f4 Qd7 14. Rf3 b6 15. c4
exf4 16. gxf4 Nd4 17. Rg3 Rae8 18. Nf3 Nec6 19. Nxd4 Nxd4 20. Nc2 Nxc2 21. Qxc2
Qe7 22. Rd1 Qf6 23. d4 fxe4 24. Bxe4 Bf5 25. Bxf5 Qxf5 26. Qxf5 gxf5 27. dxc5
dxc5 28. Rd7 Rg8 29. Rxa7 Kh8 30. Kf2 Bxb2 31. Rxg8+ Kxg8 32. a4 1/2-1/2

[Event "Sydney International Open"]
[Site "*"]
[Date "2007.04.11"]
[Round "3.52"]
[White "Wettstein, Carla"]
[Black "Holland, Dennis"]
[Result "0-1"]
[WhiteElo "1487"]
[BlackElo "1961"]
[PlyCount "76"]

1. c4 e6 2. Nc3 d5 3. cxd5 exd5 4. d4 c6 5. g3 Bd6 6. Bg2 Nf6 7. Bg5 h6 8. Bd2
Qe7 9. Nf3 Bf5 10. O-O O-O 11. h3 Ne4 12. Be3 Nxg3 13. Re1 Ne4 14. Qc1 Qe6 15.
Bf4 Be7 16. Qe3 Nd7 17. Nxe4 Bxe4 18. Nd2 Bxg2 19. Kxg2 Qxe3 20. Bxe3 f5 21. f4
Rfe8 22. Kf3 Bb4 23. Rg1 Re7 24. a3 Rae8 25. Nf1 Ba5 26. b4 Bc7 27. Ra2 Re4 28.
Rb2 Nb6 29. Rb3 Nc4 30. Bc1 Rxe2 31. Ng3 Rc2 32. Nxf5 Rxc1 33. Rxg7+ Kh8 34.
Rd3 Rf1+ 35. Kg2 Rxf4 36. Rxc7 Rxf5 37. Rxb7 Rg8+ 38. Rg3 Ne3+ 0-1

[Event "Sydney International Open"]
[Site "*"]
[Date "2007.04.11"]
[Round "3.53"]
[White "Dickson, Ian C"]
[Black "Yuen, Jonathan"]
[Result "1/2-1/2"]
[WhiteElo "1923"]
[BlackElo "1670"]
[PlyCount "46"]

1. Nf3 d5 2. c4 d4 3. g3 Bf5 4. d3 Nc6 5. Bg2 Qd7 6. O-O f6 7. Nbd2 e5 8. Nb3
Bh3 9. e3 dxe3 10. Bxe3 g5 11. Bc5 h5 12. Bxf8 Kxf8 13. Nc5 Qc8 14. d4 h4 15.
dxe5 hxg3 16. fxg3 Bxg2 17. Kxg2 Qh3+ 18. Kg1 Nxe5 19. Qe2 Nxf3+ 20. Rxf3 Re8
21. Qf2 b6 22. Rxf6+ Nxf6 23. Qxf6+ Kg8 1/2-1/2

[Event "Sydney International Open"]
[Site "*"]
[Date "2007.04.11"]
[Round "3.54"]
[White "Bekker, Gary D"]
[Black "Leong, Edward"]
[Result "1/2-1/2"]
[WhiteElo "1904"]
[BlackElo "1510"]
[PlyCount "51"]

1. d4 Nf6 2. c4 e6 3. Nc3 Bb4 4. e3 d5 5. Nf3 Bxc3+ 6. bxc3 O-O 7. Qc2 b6 8.
Bd3 dxc4 9. Bxc4 Bb7 10. Qe2 Nbd7 11. O-O Qe7 12. a4 Qd8 13. Bd3 Ne4 14. Bb2 c5
15. Nd2 Nef6 16. e4 cxd4 17. cxd4 Re8 18. f4 Nf8 19. Nf3 Ng6 20. Ne5 Rc8 21.
Qe3 Re7 22. Rac1 Rxc1 23. Rxc1 Rc7 24. Rxc7 Qxc7 25. Nxg6 hxg6 26. Qd2 1/2-1/2

[Event "Sydney International Open"]
[Site "*"]
[Date "2007.04.11"]
[Round "3.55"]
[White "Ren, Jonathan"]
[Black "Tsagarakis, Angelo"]
[Result "1-0"]
[WhiteElo "1337"]
[BlackElo "1901"]
[PlyCount "100"]

1. e4 c5 2. c3 d5 3. exd5 Qxd5 4. d4 Nf6 5. Nf3 Bg4 6. Be2 e6 7. Be3 cxd4 8.
cxd4 Bb4+ 9. Nc3 O-O 10. O-O Qa5 11. Qb3 b6 12. a3 Be7 13. Rac1 Nbd7 14. Rc2
Rad8 15. Qb5 Bf5 16. Qxa5 bxa5 17. Rd2 Ne4 18. Nxe4 Bxe4 19. Rc1 Rc8 20. Rdd1
Nf6 21. Ng5 Bd5 22. Ba6 Rb8 23. Rd2 Bd6 24. f3 h6 25. Nh3 Rb6 26. Bc4 Bxc4 27.
Rxc4 Nd5 28. Bf2 Rfb8 29. Rcc2 Bxa3 30. Bg3 Bd6 31. Bxd6 Rxd6 32. Rc5 Ra6 33.
Nf2 a4 34. Ne4 a3 35. bxa3 Rxa3 36. Rdc2 Kh7 37. Rc8 Rb1+ 38. Rc1 Rbb3 39. Nd6
Kg6 40. Rd8 Rd3 41. Rd7 Rd2 42. Nc4 Nb6 43. Ne5+ Kh7 44. Rxf7 Raa2 45. g3 Nd5
46. Ng4 h5 47. Nf6+ Kg6 48. Nxd5 Kxf7 49. Rc7+ Ke8 50. Rxg7 Rd1# 1-0

[Event "Sydney International Open"]
[Site "*"]
[Date "2007.04.11"]
[Round "3.56"]
[White "Wu, Edwin"]
[Black "Parker, Trent"]
[Result "1-0"]
[WhiteElo "1875"]
[BlackElo "1483"]
[PlyCount "75"]

1. d4 Nf6 2. Nf3 e6 3. c4 d5 4. Nc3 c6 5. cxd5 exd5 6. Bg5 Bf5 7. Qb3 Qe7 8. g3
b6 9. Bg2 Nbd7 10. O-O h6 11. Bf4 g5 12. Be5 Nxe5 13. Nxe5 Rc8 14. Rfe1 Ne4 15.
Nxe4 Bxe4 16. Bxe4 dxe4 17. Rac1 c5 18. Qb5+ Kd8 19. Nc6+ Rxc6 20. Qxc6 Qd6 21.
Qa8+ Ke7 22. dxc5 bxc5 23. Red1 Qb6 24. Qxe4+ Qe6 25. Qxe6+ fxe6 26. Rxc5 Kf6
27. Rc8 h5 28. Rd7 h4 29. Rxa7 hxg3 30. hxg3 e5 31. Raa8 Kf7 32. Rxf8+ Rxf8 33.
Rxf8+ Kxf8 34. a4 Ke7 35. a5 Kd6 36. b4 Kc6 37. f4 gxf4 38. g4 1-0

[Event "Sydney International Open"]
[Site "*"]
[Date "2007.04.11"]
[Round "3.57"]
[White "Setiabudi, Allen"]
[Black "Mandla, Blair"]
[Result "0-1"]
[WhiteElo "1476"]
[BlackElo "1765"]
[PlyCount "78"]

1. e4 d5 2. exd5 Nf6 3. Bb5+ Bd7 4. Be2 Nxd5 5. c4 Nb6 6. d4 e6 7. b3 Be7 8.
Bf3 Bc6 9. Bb2 Bf6 10. Bxc6+ Nxc6 11. Nf3 Qd7 12. Na3 O-O-O 13. Nc2 g5 14. O-O
g4 15. Ne5 Bxe5 16. dxe5 Rhg8 17. f3 Qxd1 18. Raxd1 Rxd1 19. Rxd1 gxf3 20. g3
Nd7 21. Rf1 Ndxe5 22. Ne1 Rd8 23. Nxf3 Nxf3+ 24. Rxf3 Rd1+ 25. Kg2 Rd2+ 26. Rf2
Rxf2+ 27. Kxf2 Nb4 28. Kf3 Kd7 29. a3 Nd3 30. Bd4 c5 31. Bc3 Nc1 32. b4 cxb4
33. axb4 Kc6 34. Bd2 Nb3 35. Be3 a5 36. b5+ Kd6 37. Ke2 a4 38. Kd3 a3 39. Kc2
a2 0-1

[Event "Sydney International Open"]
[Site "*"]
[Date "2007.04.11"]
[Round "3.58"]
[White "Marquez, Julius Caesar"]
[Black "Stahnke, Alexander"]
[Result "0-1"]
[WhiteElo "1700"]
[BlackElo "1429"]
[PlyCount "82"]

1. e4 c5 2. Nc3 d6 3. g3 Nf6 4. Bg2 g6 5. f4 Bg7 6. Nf3 O-O 7. O-O Nc6 8. d3
Rb8 9. a4 a6 10. h3 b5 11. b3 Nxe4 12. Nxe4 Bxa1 13. c3 d5 14. Nxc5 Bxc3 15. d4
Qb6 16. Be3 bxa4 17. bxa4 Bb4 18. Qc2 Bxc5 19. dxc5 Qb3 20. Qd2 e6 21. Ne5 Nxe5
22. fxe5 Qb2 23. Qd1 Rb4 24. Kh1 Qxe5 25. Bh6 Qxg3 26. Qa1 e5 27. Rf3 Qh4 28.
Bxf8 Kxf8 29. Qxe5 Qd4 30. Qd6+ Kg7 31. Rf1 Be6 32. Qxa6 Qxc5 33. Ra1 Qc3 34.
Qf1 Qc4 35. Qd1 Qb3 36. Qxb3 Rxb3 37. a5 Rb7 38. a6 Ra7 39. Ra5 d4 40. Bf1 Bf5
41. Rb5 d3 0-1

[Event "Sydney International Open"]
[Site "*"]
[Date "2007.04.11"]
[Round "3.60"]
[White "Pickering, Anthony"]
[Black "Ross, Bill"]
[Result "1-0"]
[WhiteElo "1961"]
[BlackElo "1533"]
[PlyCount "73"]

1. e4 c5 2. Nf3 Nc6 3. Nc3 d6 4. d4 cxd4 5. Nxd4 e5 6. Nb3 Nf6 7. f4 Bg4 8. Be2
Bxe2 9. Qxe2 Be7 10. O-O O-O 11. Kh1 a6 12. a4 Qc7 13. f5 Rfd8 14. Bg5 Nb4 15.
Bxf6 Bxf6 16. Rad1 Rd7 17. Nd5 Nxd5 18. Rxd5 Rc8 19. c3 Qc4 20. Qxc4 Rxc4 21.
Rfd1 Be7 22. Rxe5 f6 23. Red5 Rxe4 24. Nc5 dxc5 25. Rxd7 Kf8 26. Rxb7 Rxa4 27.
h3 Rf4 28. g4 h5 29. Kg2 hxg4 30. hxg4 Rxg4+ 31. Kf3 Rg5 32. Ke4 Rg4+ 33. Kd5
Rf4 34. Re1 Rxf5+ 35. Ke6 Re5+ 36. Rxe5 fxe5 37. Rxe7 1-0

[Event "Sydney International Open"]
[Site "*"]
[Date "2007.04.11"]
[Round "3.61"]
[White "Korenevski, Oleg"]
[Black "Greenwood, Norman"]
[Result "0-1"]
[WhiteElo "1933"]
[BlackElo "1515"]
[PlyCount "124"]

1. d4 Nf6 2. Nc3 d5 3. Bg5 e6 4. a3 Be7 5. e3 O-O 6. Nf3 c5 7. Be2 b6 8. O-O
Ba6 9. Bxa6 Nxa6 10. Qe2 Nb8 11. Rfd1 Nbd7 12. e4 h6 13. Bc1 dxe4 14. Nxe4 cxd4
15. Nxd4 Nxe4 16. Qxe4 Nc5 17. Qf3 Qb8 18. Bf4 Qc8 19. b4 Nd7 20. Rac1 e5 21.
Nc6 Bf6 22. Rd6 Re8 23. Be3 e4 24. Qg3 Kh7 25. Qf4 Kg8 26. Rcd1 Be5 27. Nxe5
Nxe5 28. Qxe4 Nc4 29. Rd8 Rxd8 30. Rxd8+ Qxd8 31. Qxc4 Qd1+ 32. Qf1 Qxc2 33. h3
Rc8 34. Qa6 Qc7 35. a4 Rd8 36. Qe2 Qd6 37. Qc4 Qd3 38. Qxd3 Rxd3 39. a5 bxa5
40. bxa5 a6 41. Kf1 Ra3 42. Bd2 Ra2 43. Ke2 Kf8 44. Kd3 Ke8 45. Be1 Rb2 46. g3
g6 47. h4 h5 48. Bd2 Rb5 49. f3 Kd7 50. g4 hxg4 51. fxg4 Kc6 52. g5 Kd5 53. Ke3
Kc4 54. Kf4 Kd3 55. Be1 Rf5+ 56. Kg4 Rf1 57. Bg3 Kc4 58. h5 gxh5+ 59. Kxh5 Rh1+
60. Kg4 Rg1 61. Kf3 Kb5 62. Kf2 Rc1 0-1

[Event "Sydney International Open"]
[Site "*"]
[Date "2007.04.11"]
[Round "3.62"]
[White "Nomat, Emil-Lion"]
[Black "Jule, Alexandra"]
[Result "0-1"]
[WhiteElo "1461"]
[BlackElo "1909"]
[PlyCount "116"]

1. e4 e6 2. Nf3 d5 3. Nc3 Nf6 4. e5 Nfd7 5. Ne2 c5 6. c3 Nc6 7. d4 Qb6 8. a3 a5
9. Ng3 cxd4 10. cxd4 f6 11. exf6 Nxf6 12. Bd3 Be7 13. O-O O-O 14. Bc2 Bd7 15.
Rb1 a4 16. Be3 Na5 17. Ne5 Bb5 18. Bd3 Bxd3 19. Qxd3 Rac8 20. Bg5 Rc7 21. Ne2
Rfc8 22. Nc3 Qb3 23. Qh3 Qb6 24. Nxa4 Qa6 25. b4 Nc4 26. Nxc4 Rxc4 27. Nc5 Bxc5
28. Bxf6 Bxd4 29. Bxd4 Rxd4 30. Rfe1 Re8 31. Re3 Rf4 32. Rbe1 Rf6 33. Re5 Qc4
34. Rh5 Qc2 35. Qe3 Ref8 36. f3 Rg6 37. g3 Qc4 38. Kg2 d4 39. Qe4 Qa2+ 40. Re2
Qxa3 41. Re5 Qxb4 42. Rxe6 Rxe6 43. Qxe6+ Kh8 44. Re4 Qb2+ 45. Kh3 h6 46. Qd6
Rxf3 47. Rxd4 Rf2 48. Rb4 Rxh2+ 49. Kg4 Qe2+ 50. Kf5 Rf2+ 51. Rf4 Qh5+ 52. Ke4
Re2+ 53. Kd3 Qb5+ 54. Kc3 Re3+ 55. Kc2 Qb3+ 56. Kc1 Qc3+ 57. Kb1 Re1+ 58. Ka2
Ra1# 0-1

[Event "Sydney International Open"]
[Site "*"]
[Date "2007.04.11"]
[Round "3.63"]
[White "Huynh, Arthur"]
[Black "Tacorda, Ely"]
[Result "1-0"]
[WhiteElo "1879"]
[BlackElo "1500"]
[PlyCount "65"]

1. d4 d5 2. c4 dxc4 3. e3 e6 4. Bxc4 Nf6 5. Nc3 Be7 6. Nf3 O-O 7. e4 b6 8. O-O
Re8 9. Re1 c6 10. Qd3 a6 11. Bg5 a5 12. Bb3 b5 13. Bc2 b4 14. Ne2 h6 15. Bxf6
Bxf6 16. e5 Bg5 17. Qh7+ Kf8 18. Qh8+ Ke7 19. Qxg7 Bd2 20. Bg6 Qd7 21. Qxf7+
Kd8 22. Qxd7+ Bxd7 23. Bxe8 Bxe8 24. Nxd2 Bg6 25. Rac1 Na6 26. Rxc6 Kd7 27.
Rec1 Bd3 28. Nf4 Bb5 29. Rxe6 a4 30. Ne4 Rf8 31. Nf6+ Kd8 32. N4d5 Nb8 33. Rd6+
1-0

[Event "Sydney International Open"]
[Site "*"]
[Date "2007.04.11"]
[Round "3.64"]
[White "Tenorio, Leonardo"]
[Black "Tulic, Ido"]
[Result "1-0"]
[WhiteElo "1861"]
[BlackElo "1450"]
[PlyCount "97"]

1. e4 e5 2. Nf3 Nc6 3. Bc4 Nf6 4. Ng5 d5 5. exd5 Nxd5 6. Qf3 Be6 7. Nxe6 fxe6
8. Bb5 Qd7 9. Bxc6 Qxc6 10. Qh5+ Kd7 11. Qxe5 Rg8 12. Qe4 Bc5 13. d4 Bd6 14.
O-O Nb4 15. Qxc6+ Kxc6 16. Na3 b6 17. Bd2 a5 18. Bxb4 axb4 19. Nb1 b5 20. c3
Rge8 21. Rd1 e5 22. d5+ Kb6 23. Nd2 e4 24. Re1 bxc3 25. bxc3 Be5 26. Nxe4 b4
27. Rab1 c5 28. dxc6 Bxc3 29. Rec1 Rxe4 30. Rxc3 Rae8 31. Rcc1 Rc8 32. a3 Kb5
33. c7 Ka4 34. axb4 Rxb4 35. Rxb4+ Kxb4 36. f4 Kb5 37. Kf2 Kb6 38. Ke3 Rxc7 39.
Rxc7 Kxc7 40. Ke4 Kd6 41. Kf5 Ke7 42. g4 Kf7 43. h4 h6 44. h5 Kg8 45. Kg6 Kf8
46. Kh7 Kf7 47. g5 g6 48. hxg6+ Kf8 49. g7+ 1-0

[Event "Sydney International Open"]
[Site "*"]
[Date "2007.04.11"]
[Round "3.65"]
[White "Tankel, Alan"]
[Black "Sweeney, Matthew"]
[Result "0-1"]
[WhiteElo "1780"]
[BlackElo "1267"]
[PlyCount "112"]

1. d4 Nf6 2. c4 c5 3. d5 b5 4. cxb5 a6 5. f3 axb5 6. e4 Qa5+ 7. Bd2 b4 8. Na3
Ba6 9. Nc4 Qc7 10. Nh3 d6 11. Be2 g6 12. O-O Bg7 13. Qc2 Nbd7 14. Rfc1 O-O 15.
a3 bxa3 16. Rxa3 Bxc4 17. Bxc4 Rxa3 18. bxa3 Rb8 19. Bc3 Qa7 20. a4 Nb6 21. Bb5
c4 22. Bd4 Rc8 23. Qc3 Nh5 24. Bc6 Bxd4+ 25. Qxd4 Qa5 26. Kf1 Qb4 27. Ra1 Qb3
28. a5 Na8 29. a6 c3 30. Qd3 Rb8 31. Bb7 Qb2 32. Re1 Nc7 33. Qb1 Qxb1 34. Rxb1
Nxa6 35. Rc1 Rxb7 36. Rxc3 Nc5 37. g4 Nf6 38. g5 Nfd7 39. Kg2 Kg7 40. Kg3 e6
41. Nf4 e5 42. Nd3 f6 43. Nxc5 Nxc5 44. gxf6+ Kxf6 45. h4 h5 46. Rc1 Rb3 47.
Re1 g5 48. hxg5+ Kxg5 49. Kg2 Kf4 50. Rf1 Rb2+ 51. Kh3 h4 52. Rg1 Kxf3 53. Rg4
Rb1 54. Kxh4 Rh1+ 55. Kg5 Nxe4+ 56. Kf5 Rh5+ 0-1